003380000a22001090004500090001700000245005700017041001400074100004000088942001300128773007000141999001700211 aAsbSeriadas10aRevisión taxonómica de Amaranthaceae de Colombia0 aEspañol1 aAgudelo Henao, Carlos Alberto91556 cARTICULO1 tRevista de la Asociación Colombiana de Herbariosh5q9-21d1999 c15779d15779